Statystyki dla Słówka po angielsku

Kliknij tutaj aby rozwiązać quiz!

Ogólne statystyki

  • Ten quiz został rozwiązany 30 razy
  • Średni wynik to 3 z 15

Statystyki odpowiedzi

HintOdpowiedź% Poprawnych
astronautaastronaut
65%
otagowaćtag
60%
robić notatkimake notes
50%
ładowarka bezprzewodowawireless charger
40%
kołowheel
35%
bezpieczne hasłosecure password
15%
wyjątkowyunique
15%
na pokładzieaboard
5%
proteza kończynyartificial limb
5%
uwielbiaćbe into
5%
przysłużyć się ludzkościbenefit humankind
5%
obserwowanie gwiazdstargazing
5%
rzucić okiem na cośtake a look at sth
5%
znaleźć czastake the time
5%
pogłaśniaćturn up the volume
5%

Rozkład punktacji

Percentyl według liczby udzielonych odpowiedzi

Procent ludzi z każdym wynikiem

Twoja historia wyników

Nie rozwiązałeś tego quizu